00391nam a2200133Ia 4500008004100000020001500041050001900056245005700075260003100132300001100163650003800174980003000212999001500242151021s9999 xx 000 0 und d a9966287183 aHF5667.N 2008  a_Auditing and Investigation simplified N.A. Saleemi  aNairobi Saleemi ltd. 2008  a483p.  a_Auditing concepts and procedure  a^d20110126 03:59:00^oanne c6473d6473